[Event "Autumn Leisure 2009: 1600-2000"]
[Site "SchemingMind.com"]
[Date "2009.10.04"]
[Round "-"]
[White "1tamad"]
[Black "tiggeronvrb"]
[Result "0-1"]
[WhiteCountry "USA"]
[BlackCountry "SCO"]
[WhiteElo "1653"]
[WhiteRD "77"]
[BlackElo "1778"]
[BlackRD "78"]
[GameID "221973"]

1. d4 c5 2. e3 d5 3. Nf3 Nf6 4. c3 Nc6 5. Bd3 Bg4 6. Nbd2 e6 7. O-O Bd6 8. Qa4 O-O 9. Kh1 a6 10. h3 Bh5
11. Ng1 b5 12. Qc2 Rc8 13. dxc5 Bxc5 14. Ndf3 e5 15. e4 d4 16. Bg5 Be7 17. a4 dxc3 18. axb5 Nb4 19. Qb3 Nxd3 20. Bxf6 Bxf6
21. bxc3 axb5 22. Rfd1 Nxf2+ 23. Kh2 Nxd1 24. Rxd1 Qc7 25. Rc1 Qc4 26. Qb2 b4 27. Nd2 bxc3
0-1

[Event "Autumn Leisure 2009: 1600-2000"]
[Site "SchemingMind.com"]
[Date "2009.10.06"]
[Round "-"]
[White "Brian Acebo"]
[Black "tiggeronvrb"]
[Result "0-1"]
[WhiteCountry "USA"]
[BlackCountry "SCO"]
[WhiteElo "1605"]
[WhiteRD "68"]
[BlackElo "1824"]
[BlackRD "69"]
[GameID "221975"]

1. e4 c6 2. d4 d5 3. Nc3 dxe4 4. Nxe4 Bf5 5. Ng3 Bg6 6. Be3 Nf6 7. Qd2 e6 8. O-O-O Nbd7 9. Bd3 Bd6 10. Bxg6 hxg6
11. N1e2 Qc7 12. Nc3 O-O-O 13. Nce2 Nb6 14. h3 Kb8 15. Bf4 Nc4 16. Bxd6 Rxd6 17. Qc3 Nb6 18. Rd2 Rhd8 19. Rhd1 Nbd5 20. Qb3 Qa5
21. a3 Ka8 22. f3 b5 23. Rd3 Rb8 24. Nc3 b4 25. Nxd5 cxd5 26. Kd2 bxa3+ 27. Qc3 Qxc3+ 28. Rxc3 axb2 29. Rb1 Rdb6 30. Rc7 R6b7
31. Rxb7 Rxb7 32. Kc3 a5 33. Rxb2 Ne8 34. Rxb7 Kxb7 35. Kb3 Kb6 36. Ka4 Nd6 37. c3 Nc4 38. Ne2 Ka6 39. g4 Nb6+ 40. Kb3 Kb5
41. Nc1 g5 42. Nd3 a4+ 43. Kb2 Nc4+ 44. Kc2 Na5 45. Ne5 f6 46. Nd7 a3 47. Nc5 Kc4 48. Na4 Kb5 49. Nc5 e5 50. Nb3 a2
51. Na1 Kc4 52. Kb2 exd4 53. cxd4 Kxd4 54. Nc2+ Ke5 55. Kxa2 Kf4 56. Ne1 Nc4 57. Kb3 Nd2+ 58. Kc3 Nxf3 59. Nxf3 Kxf3 60. Kd4 Kg3
61. Kxd5 Kxh3
0-1

[Event "Autumn Leisure 2009: 1600-2000"]
[Site "SchemingMind.com"]
[Date "2009.10.05"]
[Round "-"]
[White "dadshane2000"]
[Black "Kenny Elliott"]
[Result "1-0"]
[WhiteCountry "USA"]
[BlackCountry "USA"]
[WhiteElo "1960"]
[WhiteRD "80"]
[BlackElo "1575"]
[BlackRD "83"]
[GameID "222121"]

1. e4 c5 2. Nf3 d6 3. d4 cxd4 4. Nxd4 e6 5. c4 Nf6 6. Nc3 Be7 7. Be2 O-O 8. O-O Bd7 9. Be3 Nc6 10. Rc1 Nxd4
11. Qxd4 e5 12. Qd1 Bc6 13. f3 a6 14. Nd5 Nxd5 15. exd5 Bd7 16. f4 Bf6 17. Qb3 exf4 18. Bxf4 Bc8 19. Rc2 Bf5 20. Rd2 Rb8
21. Qg3 Qb6+ 22. Be3 Qb4 23. Rxf5 Bxb2 24. Bd3 Bc3 25. Rc2 Be1 26. Qg4 Rbe8 27. Bd4 Bf2+ 28. Kxf2 Qe1+ 29. Kf3 g6 30. Kf4 Re7
31. Re2 Qf1+ 32. Kg3
1-0

[Event "Autumn Leisure 2009: 1600-2000"]
[Site "SchemingMind.com"]
[Date "2009.10.05"]
[Round "-"]
[White "dadshane2000"]
[Black "keen"]
[Result "1-0"]
[WhiteCountry "USA"]
[BlackCountry "SCO"]
[WhiteElo "2006"]
[WhiteRD "81"]
[BlackElo "1616"]
[BlackRD "58"]
[GameID "222122"]

1. e4 c5 2. Nf3 g6 3. d4 cxd4 4. Qxd4 Nf6 5. e5 Nc6 6. Qa4 Nd5 7. Qe4 Nb6 8. Bb5 Bg7 9. O-O O-O 10. Nc3 a6
11. Bxc6 bxc6 12. Qh4 Bb7 13. Ng5 h6 14. Nf3 c5 15. Bxh6 Bxf3 16. gxf3 Re8 17. Bf4 f6 18. exf6 exf6 19. Qg3 g5 20. Bc7
1-0

[Event "Autumn Leisure 2009: 1600-2000"]
[Site "SchemingMind.com"]
[Date "2009.10.05"]
[Round "-"]
[White "dadshane2000"]
[Black "Mitchell-in"]
[Result "1/2-1/2"]
[WhiteCountry "USA"]
[BlackCountry "ENG"]
[WhiteElo "1959"]
[WhiteRD "85"]
[BlackElo "1840"]
[BlackRD "63"]
[GameID "222123"]

1. e4 e5 2. Nf3 Nc6 3. Bb5 a6 4. Ba4 Nf6 5. O-O Be7 6. Re1 b5 7. Bb3 d6 8. c3 O-O 9. h3 Na5 10. Bc2 c5
11. d4 Qc7 12. Nbd2 cxd4 13. cxd4 Nc6 14. Nb3 a5 15. Be3 a4 16. Nbd2 Bd7 17. Rc1 Qb7 18. Qe2 Rfe8 19. a3 Bd8 20. Bd3 Rb8
21. dxe5 dxe5 22. Rc5 b4 23. axb4 Nxb4 24. Nc4 Nxd3 25. Qxd3 Qxe4 26. Qxe4 Nxe4 27. Rxe5 Rxe5 28. Nfxe5 Be6 29. Ba7 Rb7 30. Rxe4 Rxa7
31. Nc6 Ra8 32. Nxd8=
1/2-1/2

[Event "Autumn Leisure 2009: 1600-2000"]
[Site "SchemingMind.com"]
[Date "2009.10.05"]
[Round "-"]
[White "dadshane2000"]
[Black "1tamad"]
[Result "0-1"]
[WhiteCountry "USA"]
[BlackCountry "USA"]
[WhiteElo "1972"]
[WhiteRD "82"]
[BlackElo "1684"]
[BlackRD "77"]
[GameID "222124"]

1. e4 d6 2. d4 Nf6 3. Nc3 g6 4. Be3 Bg7 5. Qd2 Nbd7 6. f3 b6 7. O-O-O a5 8. Bb5 O-O 9. Nge2 Ba6 10. Bc6 Rb8
11. Nb5 e5 12. Nec3 exd4 13. Bxd4 Ne8 14. Bxg7 Nxg7 15. Nd5 Ne5 16. Nd4 Ne6 17. Nxe6 fxe6 18. Nxc7 Qxc7 19. Ba4 Rfd8 20. Bb3 Bc4
21. Qc3 Rbc8 22. Rd4 b5 23. a3 Qb6 24. Kb1 Bxb3 25. Qxb3 Qxd4 26. Qxe6+ Nf7
0-1

[Event "Autumn Leisure 2009: 1600-2000"]
[Site "SchemingMind.com"]
[Date "2009.10.05"]
[Round "-"]
[White "dadshane2000"]
[Black "tiggeronvrb"]
[Result "1-0"]
[WhiteCountry "USA"]
[BlackCountry "SCO"]
[WhiteElo "2006"]
[WhiteRD "81"]
[BlackElo "1778"]
[BlackRD "78"]
[GameID "222126"]

1. e4 c6 2. d4 d5 3. Nc3 f5 4. Bg5 fxe4 5. f3 Nf6 6. Qd2 Bf5 7. O-O-O Nbd7 8. g4 Bg6 9. h4 Qb6 10. h5 Bf7
11. Bf4 O-O-O 12. Na4
1-0

[Event "Autumn Leisure 2009: 1600-2000"]
[Site "SchemingMind.com"]
[Date "2009.10.06"]
[Round "-"]
[White "dadshane2000"]
[Black "Brian Acebo"]
[Result "1-0"]
[WhiteCountry "USA"]
[BlackCountry "USA"]
[WhiteElo "1959"]
[WhiteRD "85"]
[BlackElo "1533"]
[BlackRD "68"]
[GameID "222127"]

1. e4 c5 2. Nf3 d6 3. d4 cxd4 4. Nxd4 Nf6 5. Nc3 a6 6. Be3 g6 7. f3 Bg7 8. Qd2 O-O 9. O-O-O b5 10. g4 Qc7
11. h4 Nc6 12. h5 Ne5 13. h6 Bh8 14. g5 Ne8 15. Nd5 Qb7 16. Qa5 Be6 17. Nb6 Rb8 18. Be2 Nc7 19. Nxe6 Nxe6 20. Qd2 Nd7
21. Nxd7 Qxd7 22. f4 Rfc8 23. Bg4 Kf8 24. e5 Rd8 25. f5 gxf5 26. Bxf5 Bxe5 27. Bxh7 Qc6 28. g6 fxg6 29. Bxg6 Kg8 30. h7+ Kh8
31. Bf7 Nf8 32. Rdg1 Qe4 33. Rg8#
1-0

[Event "Autumn Leisure 2009: 1600-2000"]
[Site "SchemingMind.com"]
[Date "2009.10.05"]
[Round "-"]
[White "Kenny Elliott"]
[Black "dadshane2000"]
[Result "0-1"]
[WhiteCountry "USA"]
[BlackCountry "USA"]
[WhiteElo "1575"]
[WhiteRD "83"]
[BlackElo "1960"]
[BlackRD "80"]
[GameID "222128"]

1. d4 Nf6 2. c4 g6 3. g3 Bg7 4. Bg2 d5 5. cxd5 Nxd5 6. Qb3 c6 7. e3 O-O 8. Bxd5 Qxd5 9. Qxd5 cxd5 10. Nc3 e6
11. Nge2 Bd7 12. O-O b5 13. b4 a6 14. a3 Nc6 15. Rd1 Rfb8 16. Rb1 a5 17. e4 dxe4 18. Nxe4 axb4 19. axb4 Rd8 20. Bg5 Rf8
21. Nf6+ Bxf6 22. Bxf6 Rfe8 23. Nf4 Ra4 24. d5 Nxb4 25. dxe6 Bxe6 26. Nxe6 fxe6 27. Rd8 Rxd8 28. Bxd8 Nc6 29. Bb6 Rb4 30. Re1 Kf7
31. Rc1 Rc4 32. Rb1 b4 33. Be3 Nd4 34. Bxd4 Rxd4 35. Kf1 Kf6 36. Ke2 e5 37. Rd1 Rxd1 38. Kxd1 Kf5 39. Kc2 Ke4 40. Kb3 Kf3
41. Kxb4 Kxf2 42. Kc4 e4 43. Kd4 e3 44. Ke5 e2
0-1

[Event "Autumn Leisure 2009: 1600-2000"]
[Site "SchemingMind.com"]
[Date "2009.10.05"]
[Round "-"]
[White "keen"]
[Black "dadshane2000"]
[Result "0-1"]
[WhiteCountry "SCO"]
[BlackCountry "USA"]
[WhiteElo "1655"]
[WhiteRD "55"]
[BlackElo "2002"]
[BlackRD "79"]
[GameID "222129"]

1. d4 Nf6 2. e3 g6 3. b3 Bg7 4. Bb2 c5 5. Nf3 O-O 6. g3 b6 7. dxc5 bxc5 8. Bg2 Bb7 9. O-O d6 10. Nbd2 Nc6
11. Rb1 Nb4 12. a3 Nbd5 13. Nc4 Nb6 14. Qe2 Ba6 15. Qd1 Rb8 16. Re1 Bxc4 17. bxc4 Nxc4 18. Bxf6 Bxf6 19. Qd3 Ne5 20. Nxe5 Bxe5
21. Rb3 Qa5 22. Reb1 Rb6 23. h4 Rfb8 24. Be4 Rxb3 25. cxb3 Qxa3 26. h5 f5 27. Bd5+ Kg7 28. hxg6 hxg6 29. g4 Qb4 30. gxf5 Qg4+
31. Bg2 gxf5 32. e4 fxe4 33. Qe3 Rb4 34. Re1 Bd4
0-1

[Event "Autumn Leisure 2009: 1600-2000"]
[Site "SchemingMind.com"]
[Date "2009.10.05"]
[Round "-"]
[White "Mitchell-in"]
[Black "dadshane2000"]
[Result "1-0"]
[WhiteCountry "ENG"]
[BlackCountry "USA"]
[WhiteElo "1890"]
[WhiteRD "61"]
[BlackElo "1972"]
[BlackRD "82"]
[GameID "222130"]

1. e4 c5 2. Nf3 e6 3. d4 cxd4 4. Nxd4 a6 5. Nc3 d6 6. f4 Nf6 7. Be2 Be7 8. O-O O-O 9. Kh1 Qc7 10. a4 Nc6
11. Be3 Re8 12. Bf3 Bf8 13. Nb3 Na5 14. Nxa5 Qxa5 15. Qd3 Nd7 16. g4 Nc5 17. Qc4 Nxe4 18. Qxe4
1-0

[Event "Autumn Leisure 2009: 1600-2000"]
[Site "SchemingMind.com"]
[Date "2009.10.05"]
[Round "-"]
[White "1tamad"]
[Black "dadshane2000"]
[Result "1-0"]
[WhiteCountry "USA"]
[BlackCountry "USA"]
[WhiteElo "1702"]
[WhiteRD "75"]
[BlackElo "1960"]
[BlackRD "80"]
[GameID "222131"]

1. c4 Nf6 2. d4 g6 3. Nf3 Bg7 4. e3 c5 5. Nc3 O-O 6. Be2 d5 7. cxd5 cxd4 8. Qxd4 Nxd5 9. Qc4 Nxc3 10. bxc3 Nc6
11. Bb2 e5 12. O-O Be6 13. Qa4 f5 14. Rfd1 Qc7 15. Rac1 Bf6 16. c4 Qg7 17. Rd6 Qf7 18. Qb5 e4 19. Ne5 Bxe5 20. Bxe5 a6
21. Qb2 Nxe5 22. Qxe5 Rfe8 23. Qd4 Rac8 24. c5 Rc7 25. Rxe6 Rxe6 26. Bc4 Rce7 27. Rd1 Kf8 28. Qh8+ Qg8 29. Rd8+
1-0

[Event "Autumn Leisure 2009: 1600-2000"]
[Site "SchemingMind.com"]
[Date "2009.10.05"]
[Round "-"]
[White "tiggeronvrb"]
[Black "dadshane2000"]
[Result "1-0"]
[WhiteCountry "SCO"]
[BlackCountry "USA"]
[WhiteElo "1799"]
[WhiteRD "74"]
[BlackElo "2002"]
[BlackRD "79"]
[GameID "222133"]

1. e4 c5 2. d4 cxd4 3. c3 Nf6 4. e5 Nd5 5. Nf3 Nc6 6. Bc4 Nb6 7. Bb3 d5 8. exd6 Qxd6 9. O-O Be6 10. Bxe6 Qxe6
11. Re1 Qd5 12. cxd4 g6 13. Nc3 Qd7 14. Bg5 Rd8 15. Bf6 Rg8 16. Ne4 Nd5 17. Bh4 Bg7 18. Nc5 Qc7 19. Rc1 Qb6 20. Re2 Nf4
21. Re4 Bh6 22. Rc3 Nd5 23. Rb3 Qc7 24. Rxb7 Qd6 25. Rb3 Nf6 26. Nb7 Nxe4 27. Nxd6+ Nxd6 28. Qe2 Nf5 29. Qb5 Rc8 30. d5
1-0

[Event "Autumn Leisure 2009: 1600-2000"]
[Site "SchemingMind.com"]
[Date "2009.10.06"]
[Round "-"]
[White "Brian Acebo"]
[Black "dadshane2000"]
[Result "0-1"]
[WhiteCountry "USA"]
[BlackCountry "USA"]
[WhiteElo "1526"]
[WhiteRD "71"]
[BlackElo "1955"]
[BlackRD "83"]
[GameID "222134"]

1. e4 e5 2. Nf3 Nc6 3. Bb5 a6 4. Ba4 Nf6 5. d3 Bc5 6. O-O b5 7. Bb3 d6 8. Bg5 h6 9. Bd2 Na5 10. Re1 Nxb3
11. axb3 O-O 12. c4 b4 13. Be3 Bxe3 14. Rxe3 Ng4 15. Re2 f5 16. h3 Nf6 17. exf5 Bxf5 18. Re3 Nd7 19. Qe1 a5 20. Nbd2 Nc5
21. Qe2 Ne6 22. Rd1 Nf4 23. Qf1 Qd7 24. Ne4 Nxh3+ 25. gxh3 Bxh3 26. Qe1 Qg4+
0-1

[Event "Autumn Leisure 2009: 1600-2000"]
[Site "SchemingMind.com"]
[Date "2009.10.07"]
[Round "-"]
[White "Archon"]
[Black "Kenny Elliott"]
[Result "1-0"]
[WhiteCountry "CAN"]
[BlackCountry "USA"]
[WhiteElo "1605"]
[WhiteRD "60"]
[BlackElo "1544"]
[BlackRD "82"]
[GameID "222165"]

1. Nf3 d5 2. c4 c6 3. g3 dxc4 4. Bg2 Bf5 5. O-O Nf6 6. b3 cxb3 7. Qxb3 Qc7 8. Nc3 Nbd7 9. Ba3 O-O-O 10. Nd4 Bg6
11. Rfc1 e5 12. Ndb5 Qa5 13. Bxf8 Rhxf8 14. Nd6+ Kc7 15. Ncb5+ Kb8 16. Bxc6
1-0

[Event "Autumn Leisure 2009: 1600-2000"]
[Site "SchemingMind.com"]
[Date "2009.10.05"]
[Round "-"]
[White "Archon"]
[Black "dadshane2000"]
[Result "0-1"]
[WhiteCountry "CAN"]
[BlackCountry "USA"]
[WhiteElo "1648"]
[WhiteRD "59"]
[BlackElo "2002"]
[BlackRD "79"]
[GameID "222166"]

1. Nf3 Nf6 2. c4 g6 3. b4 Bg7 4. Bb2 O-O 5. g3 d6 6. Bg2 e5 7. d3 Nh5 8. Qc2 f5 9. Nbd2 Be6 10. O-O Nd7
11. e3 c6 12. Rab1 Qe7 13. a3 g5 14. Ba1 g4 15. Ne1 Qg5 16. a4 Nhf6 17. b5 d5 18. bxc6 bxc6 19. cxd5 cxd5 20. Qc6 Bf7
21. f4 gxf3 22. Nexf3 Qxe3+ 23. Kh1 Rfc8 24. Qa6 Nc5 25. Qa5 Nxd3 26. Nxe5 Nxe5 27. Rxf5 Neg4 28. Rxf6 Nxf6 29. Bxf6 Bxf6 30. Bxd5 Bxd5+
31. Qxd5+ Kh8 32. Nf3 Rc1+ 33. Rxc1 Qxc1+ 34. Kg2 Rc8 35. Qh5 Rc2+ 36. Kh3 Qf1+
0-1

[Event "Autumn Leisure 2009: 1600-2000"]
[Site "SchemingMind.com"]
[Date "2009.10.05"]
[Round "-"]
[White "Archon"]
[Black "keen"]
[Result "0-1"]
[WhiteCountry "CAN"]
[BlackCountry "SCO"]
[WhiteElo "1605"]
[WhiteRD "60"]
[BlackElo "1616"]
[BlackRD "58"]
[GameID "222167"]

1. Nf3 d5 2. c4 c6 3. g3 dxc4 4. Bg2 Nf6 5. Qc2 Be6 6. Ng5 Bd5 7. e4 h6 8. Nh3 Be6 9. Nf4 Qd7 10. Nxe6 Qxe6
11. a4 Nbd7 12. Na3 Ne5 13. O-O g6 14. d4 Nd3 15. Nxc4 Nxc1 16. Raxc1 Bg7 17. Ne5 O-O 18. Nc4 Rad8 19. Rfd1 Nh5 20. e5 Rd7
21. b3 Rfd8 22. Na5 Kh7 23. Qc4 Qxc4 24. Rxc4 Bxe5 25. Bxc6 bxc6 26. Nxc6 Bf6 27. Nxd8 Rxd8 28. b4 Ng7 29. b5 Ne8 30. Rb4 Nc7
31. a5 Rd5 32. b6 axb6 33. axb6 Na6 34. b7 Nb8 35. Kg2 Be5 36. f4 Bd6 37. Rbb1 Ra5 38. Kf3 Ra3+ 39. Ke4 Ra2 40. h3 Ra3
41. Rd3 Ra4 42. Rb5 Ra6 43. Kd5 Bc7 44. Rc5 Bd6 45. Rb5 Kg7 46. Rc3 e6+ 47. Ke4 Rc6 48. Ra3 Bxa3
0-1

[Event "Autumn Leisure 2009: 1600-2000"]
[Site "SchemingMind.com"]
[Date "2009.10.05"]
[Round "-"]
[White "Archon"]
[Black "Mitchell-in"]
[Result "0-1"]
[WhiteCountry "CAN"]
[BlackCountry "ENG"]
[WhiteElo "1620"]
[WhiteRD "61"]
[BlackElo "1890"]
[BlackRD "61"]
[GameID "222168"]

1. Nf3 d5 2. c4 e6 3. g3 Nf6 4. d4 Be7 5. Bg2 O-O 6. Qc2 Nbd7 7. O-O c6 8. Rd1 b6 9. b3 Bb7 10. Nc3 Rc8
11. Bb2 Qc7 12. Rac1 Qb8 13. e3 c5 14. dxc5 Nxc5 15. Ng5 dxc4 16. Na4 cxb3 17. Qb1 bxa2 18. Qxa2 Nxa4 19. Ba1 Bxg2 20. Kxg2 Rxc1
21. Rxc1 Nc5 22. Rxc5 bxc5 23. Qc2 g6 24. Qc3 Qb4 25. Qe5 Qb3 26. h4 Qd5+
0-1

[Event "Autumn Leisure 2009: 1600-2000"]
[Site "SchemingMind.com"]
[Date "2009.10.06"]
[Round "-"]
[White "Archon"]
[Black "1tamad"]
[Result "1/2-1/2"]
[WhiteCountry "CAN"]
[BlackCountry "USA"]
[WhiteElo "1605"]
[WhiteRD "60"]
[BlackElo "1653"]
[BlackRD "77"]
[GameID "222169"]

1. Nf3 d5 2. c4 e6 3. g3 Nf6 4. Bg2 c6 5. b3 Bc5 6. e3 O-O 7. O-O Nbd7 8. Bb2 Rb8 9. d4 Bd6 10. Nbd2 Qe7
11. a3 e5 12. c5 Bc7 13. Nxe5 Nxe5 14. dxe5 Bxe5 15. Bxe5 Qxe5 16. b4 Bg4 17. Qc2 Bf5 18. Qd1 Ne4 19. Nf3 Qf6 20. Qd4 Qe7
21. Nh4 Bg6 22. Nxg6 hxg6 23. Ra2 Rfd8 24. Rd1 f5 25. Bxe4 dxe4 26. Qa1 Qe6 27. Rad2 Rd5=
1/2-1/2

[Event "Autumn Leisure 2009: 1600-2000"]
[Site "SchemingMind.com"]
[Date "2009.10.05"]
[Round "-"]
[White "Archon"]
[Black "tiggeronvrb"]
[Result "0-1"]
[WhiteCountry "CAN"]
[BlackCountry "SCO"]
[WhiteElo "1605"]
[WhiteRD "60"]
[BlackElo "1778"]
[BlackRD "78"]
[GameID "222171"]

1. Nf3 d5 2. c4 c6 3. g3 Bg4 4. Bg2 Nd7 5. d3 Ngf6 6. Nc3 e6 7. O-O Bd6 8. b3 O-O 9. d4 Rc8 10. c5 Bc7
11. Bg5 b6 12. b4 Rb8 13. h3 Bh5 14. g4 Bg6 15. Nh4 bxc5 16. Nxg6 fxg6 17. bxc5 Qe8 18. Rb1 e5 19. dxe5 Qxe5 20. Qd2 Qh2#
0-1

[Event "Autumn Leisure 2009: 1600-2000"]
[Site "SchemingMind.com"]
[Date "2009.10.06"]
[Round "-"]
[White "Archon"]
[Black "Brian Acebo"]
[Result "0-1"]
[WhiteCountry "CAN"]
[BlackCountry "USA"]
[WhiteElo "1656"]
[WhiteRD "60"]
[BlackElo "1533"]
[BlackRD "68"]
[GameID "222172"]

1. Nf3 d5 2. c4 dxc4 3. e3 Nf6 4. Bxc4 e6 5. d4 Bd6 6. Nc3 O-O 7. O-O a6 8. e4 Bb4 9. Qe2 b5 10. Bb3 c5
11. dxc5 Bxc5 12. Bg5 Be7 13. e5 Nfd7 14. Bxe7 Qxe7 15. Ne4 Bb7 16. Nd6 Bxf3 17. Qxf3 Ra7 18. Rad1 Rc7 19. Rfe1 Nc6 20. Qg3 Ndxe5
21. Rxe5 Nxe5 22. Qxe5 Rd8 23. Nf5 Rxd1+ 24. Bxd1 exf5 25. Qxe7 Rxe7 26. Kf1 f6 27. Bc2 Re5 28. g3 Kf7 29. Bb3+ Kg6 30. Bc2 Kg5
31. h4+ Kh6 32. Bd3 g5 33. Be2 g4 34. Bd3 Kg6 35. Bc2 Kf7 36. Bd3 h5 37. Be2 Ke6 38. Ke1 Re4 39. Kd2 f4 40. Bd3 Rd4
41. Ke2 fxg3 42. fxg3 Ke5 43. Bg6 f5 44. Bxh5 Ke4 45. Bg6 Rd6 46. h5 Ke5 47. Bf7 f4 48. gxf4+ Kxf4 49. Bg6 g3 50. Bf7 a5
0-1

[Event "Autumn Leisure 2009: 1600-2000"]
[Site "SchemingMind.com"]
[Date "2009.10.05"]
[Round "-"]
[White "Kenny Elliott"]
[Black "Archon"]
[Result "1-0"]
[WhiteCountry "USA"]
[BlackCountry "CAN"]
[WhiteElo "1575"]
[WhiteRD "83"]
[BlackElo "1664"]
[BlackRD "61"]
[GameID "222173"]

1. d4 d6 2. e4 Nf6 3. Nc3 g6 4. Be3 Bg7 5. Nf3 O-O 6. Bc4 Nc6 7. O-O e5 8. dxe5 dxe5 9. Bc5 Re8 10. Ng5 Be6
11. Nxe6 fxe6 12. Qf3 Qc8 13. Rad1 Kh8 14. Rd2 Na5 15. Be2 b6 16. Bb4 Nb7 17. Ba6 c5 18. Ba3 Qb8 19. Nb5 Na5 20. Nd6 Re7
21. b4 cxb4 22. Bxb4 Nc6 23. Nf5 Nxb4 24. Nxe7 Nxa6 25. Rfd1 Qc7 26. Nxg6+ hxg6 27. Qh3+ Kg8 28. Qxe6+ Qf7 29. Qxe5 Nc5 30. f3 Re8
31. Qg5 Nh5 32. Rd6 Nf4 33. Qg4 Re6 34. Rd8+ Re8 35. Rxe8+ Qxe8 36. Qxf4 Qe7 37. Qb8+ Kh7 38. Qc8 Na4 39. Qh3+ Kg8 40. Rd7 Qc5+
41. Kf1 Qc4+ 42. Kf2 Bd4+ 43. Kg3 Be5+ 44. f4 Qc3+ 45. Kg4 Bg7 46. Rd8+ Kf7 47. Qh7 Qc7 48. Qg8+ Ke7 49. Qe8+ Kf6 50. e5+
1-0

[Event "Autumn Leisure 2009: 1600-2000"]
[Site "SchemingMind.com"]
[Date "2009.10.07"]
[Round "-"]
[White "dadshane2000"]
[Black "Archon"]
[Result "1/2-1/2"]
[WhiteCountry "USA"]
[BlackCountry "CAN"]
[WhiteElo "1960"]
[WhiteRD "80"]
[BlackElo "1664"]
[BlackRD "61"]
[GameID "222174"]

1. e4 d6 2. d4 Nf6 3. Nc3 g6 4. Be3 Bg7 5. Qd2 O-O 6. f3 e5 7. Nge2 exd4 8. Nxd4 Re8 9. O-O-O Nfd7 10. g4 Nc6
11. h4 Nxd4 12. Bxd4 Ne5 13. Be2 a5 14. h5 c5 15. Bxc5 Bxg4 16. Qe3 Bxh5 17. Rxd6 Qb8 18. f4 Bxe2 19. Qxe2 Nc6 20. Nd5 Nd4
21. Qh2 h5 22. e5 Nf5 23. Rd7 Ra6 24. Nb6 Bf8 25. Bxf8 Kxf8 26. Nd5 b5 27. Nf6 Rxf6 28. exf6 b4 29. Qd2 Qb6 30. Re1 Rc8
31. Qd5 Nh6 32. Rd1 Qxf6 33. Rd8+ Rxd8 34. Qxd8+ Kg7 35. Qxf6+ Kxf6 36. c4 Nf5 37. c5 Ne7 38. Rd6+ Kf5 39. c6 h4 40. c7 h3
41. Rd8 Kxf4 42. Rd4+ Kg3 43. Rd3+ Kg2 44. Rd2+ Kg1 45. Rd1+ Kg2 46. Rd2+=
1/2-1/2

[Event "Autumn Leisure 2009: 1600-2000"]
[Site "SchemingMind.com"]
[Date "2009.10.05"]
[Round "-"]
[White "keen"]
[Black "Archon"]
[Result "1-0"]
[WhiteCountry "SCO"]
[BlackCountry "CAN"]
[WhiteElo "1604"]
[WhiteRD "56"]
[BlackElo "1620"]
[BlackRD "61"]
[GameID "222175"]

1. e4 d6 2. d4 Nf6 3. Nc3 g6 4. Bc4 Bg7 5. Nge2 Nc6 6. O-O O-O 7. b3 e5 8. Bb2 exd4 9. Nxd4 Bg4 10. f3 Bd7
11. Qd2 Ne5 12. Be2 Nc6 13. Nxc6 bxc6 14. Rad1 Ne8 15. Ba1 a5 16. f4 Qb8 17. Kh1 a4 18. e5 axb3 19. cxb3 Qb4 20. Bc4 Be6
21. Nd5 cxd5 22. Qxb4 dxc4 23. bxc4 Rxa2 24. exd6 cxd6 25. Bxg7 Kxg7 26. Qc3+ Kg8 27. Rb1 Ra8 28. Rb7 Rc8 29. Rb4 Rc5 30. Rc1 Rc8
31. Qd4 Rc5 32. h3 Rc8 33. c5 dxc5 34. Rxc5 Rxc5 35. Qxc5 Ng7 36. Rb7 Rc8 37. Qa7 Rf8 38. Rb8 Nh5 39. Rxf8+ Kxf8 40. Qb8+ Kg7
41. Qe5+ Nf6 42. g4 h6 43. g5 hxg5 44. fxg5 Kg8 45. Qxf6 Bxh3 46. Qd8+ Kg7 47. Qd4+ Kg8 48. Kh2 Bf5 49. Kg3 Be6 50. Kf4 Bf5
51. Ke5 Kg7 52. Kd6+ Kg8 53. Ke7 Be6 54. Kf6
1-0

[Event "Autumn Leisure 2009: 1600-2000"]
[Site "SchemingMind.com"]
[Date "2009.10.05"]
[Round "-"]
[White "Mitchell-in"]
[Black "Archon"]
[Result "1-0"]
[WhiteCountry "ENG"]
[BlackCountry "CAN"]
[WhiteElo "1834"]
[WhiteRD "65"]
[BlackElo "1605"]
[BlackRD "60"]
[GameID "222176"]

1. e4 d6 2. d4 Nf6 3. Nc3 g6 4. Be3 Bg7 5. Qd2 O-O 6. Bh6 e5 7. Bxg7 Kxg7 8. O-O-O Nc6 9. d5 Nd4 10. Nge2 Nxe2+
11. Bxe2 Bd7 12. h4 Ng4 13. Rdf1 h5 14. f3 Nh6 15. g4 hxg4 16. fxg4 Bxg4 17. Bxg4 Nxg4 18. Rfg1 Nh6 19. h5 Rh8 20. hxg6 fxg6
21. Qg2 Qf6 22. Rh3 Rag8 23. Rf3
1-0

[Event "Autumn Leisure 2009: 1600-2000"]
[Site "SchemingMind.com"]
[Date "2009.10.07"]
[Round "-"]
[White "1tamad"]
[Black "Archon"]
[Result "1-0"]
[WhiteCountry "USA"]
[BlackCountry "CAN"]
[WhiteElo "1684"]
[WhiteRD "77"]
[BlackElo "1620"]
[BlackRD "61"]
[GameID "222177"]

1. d4 d6 2. e3 Nf6 3. Bd3 g6 4. Nf3 Bg7 5. O-O O-O 6. c4 Nc6 7. Nc3 e5 8. d5 Ne7 9. h3 Nd7 10. e4 f5
11. Qc2 f4 12. b4 g5 13. Nxg5 Nf6 14. Bb2 Ng6 15. Nf3 Nh5 16. a4 Nh4 17. Be2 Nxf3+ 18. Bxf3 Qh4 19. Qe2 Rf6 20. Bxh5 Bxh3
21. gxh3 Qxh3 22. Qg4 Qxg4+ 23. Bxg4 Rg6 24. f3 h5 25. Kf2 hxg4 26. fxg4 Rxg4 27. Rg1 Rh4 28. Rh1 Rg4 29. Rag1 Rxg1 30. Rxg1 Rf8
31. Kf3 Rf6 32. Ne2 Rh6 33. Nxf4 Rf6 34. Rg4 Rxf4+ 35. Rxf4 exf4 36. Bxg7 Kxg7 37. Kxf4 Kf6 38. c5
1-0

[Event "Autumn Leisure 2009: 1600-2000"]
[Site "SchemingMind.com"]
[Date "2009.10.05"]
[Round "-"]
[White "tiggeronvrb"]
[Black "Archon"]
[Result "1-0"]
[WhiteCountry "SCO"]
[BlackCountry "CAN"]
[WhiteElo "1834"]
[WhiteRD "77"]
[BlackElo "1620"]
[BlackRD "61"]
[GameID "222179"]

1. e4 d6 2. d4 Nf6 3. Nc3 g6 4. Nf3 Bg7 5. Be2 O-O 6. O-O Nc6 7. d5 Nb8 8. Re1 Bg4 9. h3 Bxf3 10. Bxf3 Nfd7
11. Bf4 c6 12. Rb1 a5 13. Ne2 cxd5 14. exd5 Ne5 15. Be4 Nbd7 16. c3 b5 17. Nd4 b4 18. cxb4 axb4 19. Qd2 Rxa2 20. Qxb4 Nc5
21. Bxe5 Bxe5 22. Nc6 Qc7 23. Nxe5 dxe5 24. Rbc1 Ra5 25. Rc2 Rc8 26. Rec1 Qa7 27. Qc4 Nxe4 28. Qxc8+ Kg7 29. Qc7 Qxc7 30. Rxc7 Rxd5
31. Rxe7 Rd2 32. Rxe5 Nxf2 33. Rb1 Nd3 34. Rb5 Nf4 35. Rg5 Kf6 36. Rg4 Nd3 37. b4 h5 38. Rd4 Ke5 39. Rd7 Ke6 40. Rd8 Rb2
41. Rxb2 Nxb2 42. b5 Nc4 43. Kf2 Ke7 44. Rd4 Nb6 45. Kf3 Nc8 46. Kf4 Nb6 47. Kg5 Nc8 48. h4 Nb6 49. g3 Nc8 50. Re4+ Kf8
51. Kf6 Nb6 52. Rd4 Ke8 53. Rd6 Nc8 54. Ra6
1-0

[Event "Autumn Leisure 2009: 1600-2000"]
[Site "SchemingMind.com"]
[Date "2009.10.07"]
[Round "-"]
[White "Brian Acebo"]
[Black "Archon"]
[Result "0-1"]
[WhiteCountry "USA"]
[BlackCountry "CAN"]
[WhiteElo "1525"]
[WhiteRD "68"]
[BlackElo "1664"]
[BlackRD "61"]
[GameID "222180"]

1. d4 d6 2. e4 Nf6 3. Nc3 g6 4. Bc4 Bg7 5. Bg5 O-O 6. Qd2 Nc6 7. O-O-O e5 8. dxe5 dxe5 9. Qe3 Qe8 10. f4 exf4
11. Bxf4 Bg4 12. Re1 Ne5 13. Bb3 Qe7 14. h3 Bd7 15. Nf3 Nxf3 16. Qxf3 Bc6 17. g4 Rad8 18. Rh2 Rd7 19. Rhe2 Rfd8 20. Qf2 a6
21. e5 Nd5 22. Nxd5 Bxd5 23. Bxd5 Rxd5 24. h4 Qe6 25. Qf3 Rd4 26. c3 Rd3 27. Qg2 Qxa2 28. Kc2 Qa4+ 29. b3 Qa2+ 30. Kc1 Rxc3+
31. Rc2 Qa1#
0-1